000 00291nam a22001337a 4500
008 170714b xxu||||| |||| 00| 0 eng d
020 _a2900073386682
041 _aeng
080 _24TH
_a101
100 _a24
101 _aFIL
245 _aDOING PHILOSOPHY
_cSCHICK. TH
942 _2udc
_cBK
999 _c20887
_d20887